<?xml version="1.0" encoding="UTF-8"?>
<record
    xmlns:xsi="http://www.w3.org/2001/XMLSchema-instance"
    xsi:schemaLocation="http://www.loc.gov/MARC21/slim http://www.loc.gov/standards/marcxml/schema/MARC21slim.xsd"
    xmlns="http://www.loc.gov/MARC21/slim">

  <leader>00823nam a22002297a 4500</leader>
  <controlfield tag="005">20230120092211.0</controlfield>
  <controlfield tag="008">101111t        mx ||||| |||| 00| 0 spa d</controlfield>
  <datafield tag="020" ind1=" " ind2=" ">
    <subfield code="a">9682612462</subfield>
  </datafield>
  <datafield tag="050" ind1="0" ind2="4">
    <subfield code="a">TP149 </subfield>
    <subfield code="b">H83 1999</subfield>
  </datafield>
  <datafield tag="050" ind1="0" ind2="4">
    <subfield code="a">TJ265</subfield>
    <subfield code="b">H83 1994</subfield>
  </datafield>
  <datafield tag="100" ind1="1" ind2=" ">
    <subfield code="a">Huang, Francis F.</subfield>
  </datafield>
  <datafield tag="240" ind1="1" ind2="0">
    <subfield code="a">Engineering thermodynamics-fundamentals and applications</subfield>
    <subfield code="l">espa&#xF1;ol</subfield>
  </datafield>
  <datafield tag="245" ind1="1" ind2="0">
    <subfield code="a">Ingenier&#xED;a termodin&#xE1;mica </subfield>
    <subfield code="b">: fundamentos y aplicaciones </subfield>
    <subfield code="c">/ Francis F. Huang ; traducci&#xF3;n Jaime B. Cervantes de Gortari.</subfield>
  </datafield>
  <datafield tag="250" ind1=" " ind2=" ">
    <subfield code="a">2a ed.</subfield>
  </datafield>
  <datafield tag="260" ind1=" " ind2=" ">
    <subfield code="a">M&#xE9;xico :</subfield>
    <subfield code="b">Compa&#xF1;&#xED;a Editorial Continental,</subfield>
    <subfield code="c">1999</subfield>
  </datafield>
  <datafield tag="300" ind1=" " ind2=" ">
    <subfield code="a">xxix, 864 p. ;</subfield>
    <subfield code="c">24 cm.</subfield>
  </datafield>
  <datafield tag="500" ind1=" " ind2=" ">
    <subfield code="a">Incluye ap&#xE9;ndice e &#xED;ndice</subfield>
  </datafield>
  <datafield tag="650" ind1=" " ind2="7">
    <subfield code="2">lemb</subfield>
    <subfield code="a">Termodin&#xE1;mica</subfield>
  </datafield>
  <datafield tag="650" ind1=" " ind2="7">
    <subfield code="2">lemb</subfield>
    <subfield code="a">Ingenier&#xED;a qu&#xED;mica</subfield>
  </datafield>
  <datafield tag="700" ind1="1" ind2=" ">
    <subfield code="a">Cervantes de Gortari, Jaime B., </subfield>
    <subfield code="e">traductor </subfield>
  </datafield>
  <datafield tag="942" ind1=" " ind2=" ">
    <subfield code="2">lcc</subfield>
    <subfield code="c">LIB</subfield>
  </datafield>
  <datafield tag="999" ind1=" " ind2=" ">
    <subfield code="c">3848</subfield>
    <subfield code="d">3848</subfield>
  </datafield>
  <datafield tag="952" ind1=" " ind2=" ">
    <subfield code="1">0</subfield>
    <subfield code="2">lcc</subfield>
    <subfield code="4">0</subfield>
    <subfield code="7">1</subfield>
    <subfield code="a">LIC-019</subfield>
    <subfield code="b">LIC-019</subfield>
    <subfield code="c">GENERAL</subfield>
    <subfield code="d">2010-11-11</subfield>
    <subfield code="f">2a ed.</subfield>
    <subfield code="h">BIQO000002205</subfield>
    <subfield code="i">IA</subfield>
    <subfield code="k">IT</subfield>
    <subfield code="o">TP149 H83 1999</subfield>
    <subfield code="p">BIQO000002205</subfield>
    <subfield code="r">2017-10-18 00:00:00</subfield>
    <subfield code="t">C:1</subfield>
    <subfield code="y">LIB</subfield>
    <subfield code="z">Solo lectura</subfield>
  </datafield>
  <datafield tag="952" ind1=" " ind2=" ">
    <subfield code="1">0</subfield>
    <subfield code="2">lcc</subfield>
    <subfield code="4">0</subfield>
    <subfield code="7">0</subfield>
    <subfield code="a">LIC-019</subfield>
    <subfield code="b">LIC-019</subfield>
    <subfield code="c">GENERAL</subfield>
    <subfield code="d">2010-11-11</subfield>
    <subfield code="f">2a ed.</subfield>
    <subfield code="h">BIQO000002204</subfield>
    <subfield code="i">IA</subfield>
    <subfield code="k">IT</subfield>
    <subfield code="o">TP149 H83 2003</subfield>
    <subfield code="p">BIQO000002204</subfield>
    <subfield code="r">2017-10-18 00:00:00</subfield>
    <subfield code="t">C:2</subfield>
    <subfield code="y">LIB</subfield>
    <subfield code="z">Pr&#xE9;stamo</subfield>
  </datafield>
  <datafield tag="952" ind1=" " ind2=" ">
    <subfield code="1">0</subfield>
    <subfield code="2">lcc</subfield>
    <subfield code="4">0</subfield>
    <subfield code="7">0</subfield>
    <subfield code="a">LIC-019</subfield>
    <subfield code="b">LIC-019</subfield>
    <subfield code="c">GENERAL</subfield>
    <subfield code="d">2010-11-11</subfield>
    <subfield code="f">2a ed.</subfield>
    <subfield code="h">BIQO000002203</subfield>
    <subfield code="i">IA</subfield>
    <subfield code="k">IT</subfield>
    <subfield code="o">TP149 H83 2003</subfield>
    <subfield code="p">BIQO000002203</subfield>
    <subfield code="r">2017-10-18 00:00:00</subfield>
    <subfield code="t">C:4</subfield>
    <subfield code="y">LIB</subfield>
    <subfield code="z">Pr&#xE9;stamo</subfield>
  </datafield>
  <datafield tag="952" ind1=" " ind2=" ">
    <subfield code="1">0</subfield>
    <subfield code="2">lcc</subfield>
    <subfield code="4">0</subfield>
    <subfield code="7">0</subfield>
    <subfield code="a">LIC-019</subfield>
    <subfield code="b">LIC-019</subfield>
    <subfield code="c">GENERAL</subfield>
    <subfield code="d">2010-11-11</subfield>
    <subfield code="f">2a ed.</subfield>
    <subfield code="h">BIQO000002201</subfield>
    <subfield code="i">IA</subfield>
    <subfield code="k">IT</subfield>
    <subfield code="o">TP149 H83 2004</subfield>
    <subfield code="p">BIQO000002201</subfield>
    <subfield code="r">2017-10-18 00:00:00</subfield>
    <subfield code="t">C:5</subfield>
    <subfield code="y">LIB</subfield>
    <subfield code="z">Pr&#xE9;stamo</subfield>
  </datafield>
  <datafield tag="952" ind1=" " ind2=" ">
    <subfield code="1">0</subfield>
    <subfield code="2">lcc</subfield>
    <subfield code="4">0</subfield>
    <subfield code="7">0</subfield>
    <subfield code="a">LIC-019</subfield>
    <subfield code="b">LIC-019</subfield>
    <subfield code="c">GENERAL</subfield>
    <subfield code="d">2010-11-11</subfield>
    <subfield code="f">2a ed.</subfield>
    <subfield code="h">BIQO000002206</subfield>
    <subfield code="i">IA</subfield>
    <subfield code="k">IT</subfield>
    <subfield code="o">TP149 H83 2003</subfield>
    <subfield code="p">BIQO000002206</subfield>
    <subfield code="r">2017-10-18 00:00:00</subfield>
    <subfield code="t">C:6</subfield>
    <subfield code="y">LIB</subfield>
    <subfield code="z">Pr&#xE9;stamo</subfield>
  </datafield>
  <datafield tag="952" ind1=" " ind2=" ">
    <subfield code="1">0</subfield>
    <subfield code="2">lcc</subfield>
    <subfield code="4">0</subfield>
    <subfield code="7">0</subfield>
    <subfield code="a">LIC-019</subfield>
    <subfield code="b">LIC-019</subfield>
    <subfield code="c">GENERAL</subfield>
    <subfield code="d">2012-12-05</subfield>
    <subfield code="f">2a ed.</subfield>
    <subfield code="h">BIQO000003758</subfield>
    <subfield code="i">IA</subfield>
    <subfield code="k">IT</subfield>
    <subfield code="o">TP149 H83 2003</subfield>
    <subfield code="p">BIQO000003758</subfield>
    <subfield code="r">2017-10-18 00:00:00</subfield>
    <subfield code="t">C:8</subfield>
    <subfield code="y">LIB</subfield>
    <subfield code="z">Pr&#xE9;stamo</subfield>
  </datafield>
  <datafield tag="952" ind1=" " ind2=" ">
    <subfield code="1">0</subfield>
    <subfield code="2">lcc</subfield>
    <subfield code="4">0</subfield>
    <subfield code="7">1</subfield>
    <subfield code="a">LIC-019</subfield>
    <subfield code="b">LIC-019</subfield>
    <subfield code="c">GENERAL</subfield>
    <subfield code="d">2015-06-29</subfield>
    <subfield code="f">2a ed.</subfield>
    <subfield code="h">BIQO000004861</subfield>
    <subfield code="i">IA</subfield>
    <subfield code="k">IT</subfield>
    <subfield code="o">TP149 H83 2004</subfield>
    <subfield code="p">BIQO000004861</subfield>
    <subfield code="r">2017-10-18 00:00:00</subfield>
    <subfield code="t">C:1</subfield>
    <subfield code="y">LIB</subfield>
    <subfield code="z">Solo lectura</subfield>
  </datafield>
  <datafield tag="952" ind1=" " ind2=" ">
    <subfield code="1">0</subfield>
    <subfield code="2">lcc</subfield>
    <subfield code="4">0</subfield>
    <subfield code="7">0</subfield>
    <subfield code="a">LIC-019</subfield>
    <subfield code="b">LIC-019</subfield>
    <subfield code="c">GENERAL</subfield>
    <subfield code="d">2015-08-17</subfield>
    <subfield code="f">2a ed.</subfield>
    <subfield code="h">BIQO000002202</subfield>
    <subfield code="i">IA</subfield>
    <subfield code="k">IT</subfield>
    <subfield code="o">TP149 H83 2003</subfield>
    <subfield code="p">BIQO000002202</subfield>
    <subfield code="r">2017-10-18 00:00:00</subfield>
    <subfield code="t">C:7</subfield>
    <subfield code="y">LIB</subfield>
    <subfield code="z">Pr&#xE9;stamo</subfield>
  </datafield>
  <datafield tag="952" ind1=" " ind2=" ">
    <subfield code="1">0</subfield>
    <subfield code="2">lcc</subfield>
    <subfield code="4">0</subfield>
    <subfield code="7">0</subfield>
    <subfield code="a">UCIH</subfield>
    <subfield code="b">UCIH</subfield>
    <subfield code="c">GENERAL</subfield>
    <subfield code="d">2022-06-09</subfield>
    <subfield code="f">2a ed.</subfield>
    <subfield code="k">IT</subfield>
    <subfield code="o">TJ265 H83 r2003</subfield>
    <subfield code="p">BCU000011626</subfield>
    <subfield code="r">2022-06-09 00:00:00</subfield>
    <subfield code="t">1</subfield>
    <subfield code="v">1.00</subfield>
    <subfield code="y">LIB</subfield>
  </datafield>
  <datafield tag="952" ind1=" " ind2=" ">
    <subfield code="1">0</subfield>
    <subfield code="2">lcc</subfield>
    <subfield code="4">0</subfield>
    <subfield code="7">0</subfield>
    <subfield code="a">UCIH</subfield>
    <subfield code="b">UCIH</subfield>
    <subfield code="c">GENERAL</subfield>
    <subfield code="d">2023-01-20</subfield>
    <subfield code="f">2a ed.</subfield>
    <subfield code="k">IT</subfield>
    <subfield code="l">0</subfield>
    <subfield code="o">TJ265 H83 1994</subfield>
    <subfield code="p">BCU000021407</subfield>
    <subfield code="r">2023-01-20 00:00:00</subfield>
    <subfield code="t">1</subfield>
    <subfield code="v">1.00</subfield>
    <subfield code="y">LIB</subfield>
  </datafield>
  <datafield tag="952" ind1=" " ind2=" ">
    <subfield code="1">0</subfield>
    <subfield code="2">lcc</subfield>
    <subfield code="4">0</subfield>
    <subfield code="7">0</subfield>
    <subfield code="a">UCIH</subfield>
    <subfield code="b">UCIH</subfield>
    <subfield code="c">GENERAL</subfield>
    <subfield code="d">2023-01-20</subfield>
    <subfield code="f">2a ed.</subfield>
    <subfield code="k">IT</subfield>
    <subfield code="l">0</subfield>
    <subfield code="o">TJ265 H83 1994</subfield>
    <subfield code="p">BCU000021408</subfield>
    <subfield code="r">2023-01-20 00:00:00</subfield>
    <subfield code="t">2</subfield>
    <subfield code="v">1.00</subfield>
    <subfield code="y">LIB</subfield>
  </datafield>
</record>
